Elegías europeas /

Đã lưu trong:
Chi tiết về thư mục
Tác giả chính: Montes, Eugenio (autor)
Định dạng: Sách
Ngôn ngữ:Tiếng Tây Ban Nha
Được phát hành: Madrid, España : Afrodisio Aguado, 1949, c1949
Các nhãn: Thêm thẻ
Không có thẻ, Là người đầu tiên thẻ bản ghi này!

MARC

LEADER 00000nam^a2200000^a^4500
001 000427046
005 20250526000000.0
009 20260310122758.911
037 |a Acervo ITESO - Biblioteca 
041 |a ESP 
091 |a FHM. 03046 
100 |a Montes, Eugenio  |e (autor) 
245 1 0 |a Elegías europeas / 
264 4 |a Madrid, España :  |b Afrodisio Aguado,  |c 1949, c1949 
300 |a 219 p. ;  |c 12.0 cm. 
336 |a texto  |b txt  |2 rdacontenido 
337 |a sin mediación  |b n  |2 rdamedio 
338 |a volumen  |b nc  |2 rdasoporte 
649 |a XX 
910 |a Fondo Hugo B. Margáin 
920 |a Impresos - Libros 
930 |a Libros Antiguos y Raros 
940 |a Literatura 
905 |a 126 
901 |a 0500306354  |b IT2  |c LRA  |i d110469  |u 20250526 
902 |a https://opac.biblio.iteso.mx/vufind/Record/000427046